Aquaculture training manual

Uloženo v:
Podrobná bibliografie
Hlavní autor: Swift, Donald R (Autor)
Médium: Kniha
Jazyk:angličtina
Vydáno: Surrey Fishing News Books 1985
Témata:
Tagy: Přidat tag
Žádné tagy, Buďte první, kdo vytvoří štítek k tomuto záznamu!

MARC

LEADER 00000nam a2200000 a 4500
001 UCM6076
003 CL-VaPUC
008 021025e19850000uk |||||||||||||||||eng|d
082 0 4 |a 639.3  |b SWI  |2 21 
100 0 |a Swift, Donald R  |e author  |9 472097 
245 1 0 |a Aquaculture training manual 
300 |a 135 p 
942 |c BK 
945 |d 20021025 00:00:00  |a cmena 
260 |a Surrey  |b Fishing News Books  |c 1985 
650 0 |a Acuicultura  |9 258883 
650 0 |a Cultivo de peces  |9 350529 
650 0 |a Nutrición   |9 259434 
650 0 |a Anatomía de los peces   |9 390865 
583 |a last modification  |c 20150507 04:41:17  |k Rodrigo Vera 
999 |c 301734  |d 301732 
952 |0 0  |1 0  |4 0  |6 639_300000000000000_SWI_1985  |7 0  |8 CCM  |9 361278  |a BIBCUR  |b BIBCUR  |d 2019-11-21  |i 3849597  |o 639.3 SWI 1985  |p 3849597  |r 2025-04-22  |w 2019-11-21  |y BK  |k CIM